|
|
|
|
| LEADER |
01679nam a2200433 a 4500 |
| 001 |
000755429 |
| 003 |
CZ BrMZK |
| 005 |
20091015103423.0 |
| 007 |
ta |
| 008 |
041214s2005 xr erf 001 0 czeoc |
| 015 |
|
|
|a cnb001492729
|
| 020 |
|
|
|a 80-247-1069-2
|q (váz.)
|
| 035 |
|
|
|a (OCoLC)69393277
|
| 040 |
|
|
|a OLA001
|b cze
|d BOA001
|
| 072 |
|
7 |
|a 658
|x Řízení a správa podniku
|2 Konspekt
|9 4
|
| 080 |
|
|
|a 334.012.63/.64
|2 MRF
|
| 080 |
|
|
|a 658.114-022.54/.55
|2 MRF
|
| 080 |
|
|
|a 658
|2 MRF
|
| 080 |
|
|
|a (035)
|2 MRF
|
| 100 |
1 |
|
|a Veber, Jaromír,
|d 1953-
|7 jn20010309503
|4 aut
|
| 245 |
1 |
0 |
|a Podnikání malé a střední firmy /
|c Jaromír Veber, Jitka Srpová a kolektiv
|
| 250 |
|
|
|a 1. vyd.
|
| 260 |
|
|
|a Praha :
|b Grada,
|c 2005
|
| 300 |
|
|
|a 304 s. ;
|c 25 cm
|
| 490 |
1 |
|
|a Expert
|
| 504 |
|
|
|a Obsahuje bibliografii, bibliografické odkazy a rejstřík
|
| 500 |
|
|
|a Dostupné též v digitální podobě v aplikaci Kramerius
|
| 650 |
0 |
7 |
|a malé a střední podniky
|7 ph115211
|2 czenas
|
| 650 |
0 |
7 |
|a malé a střední podnikání
|7 ph126212
|2 czenas
|
| 650 |
0 |
7 |
|a podnikový management
|7 ph115763
|2 czenas
|
| 655 |
|
7 |
|a příručky
|7 fd133209
|2 czenas
|
| 700 |
1 |
|
|a Srpová, Jitka,
|d 1957-
|7 ola2003201012
|4 aut
|
| 830 |
|
0 |
|a Expert (Grada)
|0 s
|
| 856 |
4 |
1 |
|u http://www.digitalniknihovna.cz/mzk/uuid/uuid:a1552bb0-681b-11e9-bcdf-005056827e52
|y Digitalizovaný dokument
|x NDK
|
| 910 |
|
|
|a BOA001
|b 2-1142.880
|
| 990 |
|
|
|a BK
|
| 991 |
|
|
|b 200501
|c NOV
|
| 996 |
6 |
|
|b 2610236597
|c 2-1142.880
|l MZK
|r Sklad / do 1 hodiny
|n 66
|p p.v.
|w 000755429
|u 000010
|a 1
|e BOA001
|j MZK50
|s P
|
| 996 |
7 |
|
|b 2610238753
|c 2-1142.880
|l Vol.výběr
|r VV 1p
|n 110
|p kup
|h 658 VEB
|w 000755429
|u 000020
|a 0
|e BOA001
|j MZK50
|s A
|